The Ata-Manobo: (Record no. 15634)
[ view plain ]
| 000 -LEADER | |
|---|---|
| fixed length control field | 00637nam a22001697a 4500 |
| 008 - FIXED-LENGTH DATA ELEMENTS--GENERAL INFORMATION | |
| fixed length control field | 201013b ||||| |||| 00| 0 eng d |
| 082 ## - DEWEY DECIMAL CLASSIFICATION NUMBER | |
| Edition number | 2004 |
| Classification number | DFil 305.8 |
| Item number | B16 |
| 100 ## - MAIN ENTRY--PERSONAL NAME | |
| Personal name | Bajo, Rolando O. |
| 9 (RLIN) | 42302 |
| 245 ## - TITLE STATEMENT | |
| Title | The Ata-Manobo: |
| Remainder of title | at the crossroads of tradition and modernization/ |
| Statement of responsibility, etc. | Rolando O. Bajo |
| 260 ## - PUBLICATION, DISTRIBUTION, ETC. (IMPRINT) | |
| Place of publication, distribution, etc. | Davao del Norte: |
| Name of publisher, distributor, etc. | CARD-Davao, |
| Date of publication, distribution, etc. | c2004. |
| 300 ## - PHYSICAL DESCRIPTION | |
| Extent | iii, 225 pages: |
| Other physical details | illustrations; |
| Dimensions | 23 cm. |
| 500 ## - GENERAL NOTE | |
| General note | Includes bibliographical references |
| 650 ## - SUBJECT ADDED ENTRY--TOPICAL TERM | |
| Topical term or geographic name as entry element | Ata-Manobo -- Ethnic identity. |
| 9 (RLIN) | 42303 |
| 650 ## - SUBJECT ADDED ENTRY--TOPICAL TERM | |
| Topical term or geographic name as entry element | Manobo (Philippine people). |
| 9 (RLIN) | 42304 |
| 650 ## - SUBJECT ADDED ENTRY--TOPICAL TERM | |
| Topical term or geographic name as entry element | Ethnic groups -- Philippines. |
| 9 (RLIN) | 42305 |
| 942 ## - ADDED ENTRY ELEMENTS (KOHA) | |
| Source of classification or shelving scheme | Dewey Decimal Classification |
| Koha item type | Filipiniana |
| Withdrawn status | Lost status | Source of classification or shelving scheme | Damaged status | Not for loan | Collection code | Home library | Current library | Date acquired | Source of acquisition | Total Checkouts | Full call number | Barcode | Date last seen | Price effective from | Koha item type |
|---|---|---|---|---|---|---|---|---|---|---|---|---|---|---|---|
| Dewey Decimal Classification | Filipiniana | UM Digos College - LIC | UM Digos College - LIC | 05/21/2004 | Purchase | DFil 305.8 B16 2004 | 17253 | 05/15/2025 | 10/13/2020 | Filipiniana |
